[Event "Nutcracker Rapid 2015"]
[Site "Moscow RUS"]
[Date "2015.12.25"]
[Round "8.2"]
[White "Bukavshin, Ivan"]
[Black "Leko, Peter"]
[Result "1/2-1/2"]
[WhiteTitle "GM"]
[BlackTitle "GM"]
[WhiteElo "2657"]
[BlackElo "2705"]
[WhiteTeam "Princes"]
[BlackTeam "Kings"]
[WhiteFideId "4199758"]
[BlackFideId "703303"]
[EventDate "2015.12.24"]

1. d4 Nf6 2. Nf3 e6 3. c4 b6 4. g3 Ba6 5. Qb3 d5 6. cxd5 Qxd5 7. Nc3 Qxb3 8.
axb3 Bb7 9. Bg2 a5 10. O-O Na6 11. Bd2 Bb4 12. Rfc1 O-O-O 13. Bf4 Nd5 14. Nb5 f6
15. Rc2 Kb8 16. Rac1 Rd7 17. Nc3 Nxf4 18. gxf4 Bxf3 19. Bxf3 Rxd4 20. e3 Rd7 21.
Bc6 Rdd8 22. Ne4 Nc5 23. Nxc5 Bxc5 24. Be4 f5 25. Bf3 Rd6 26. b4 axb4 27. Ra1 c6
28. b3 Rc8 29. Rca2 Rd7 30. Ra8+ Kc7 31. R1a7+ Kd8 32. Rxd7+ Kxd7 33. Rxc8 Kxc8
34. Bxc6 Kc7 35. Bb5 Be7 36. Bc4 Kd6 37. Kg2 Bh4 38. h3 h6 39. Kf1 e5 40. fxe5+
Kxe5 41. f4+ Kf6 42. Ke2 g5 43. Kf3 Be1 44. e4 fxe4+ 45. Kxe4 gxf4 46. Kxf4 1/2-1/2